000 00448nam a2200157Ia 4500
008 240729s9999 xx 000 0 und d
022 _a2449-8955
245 0 _aEuropean Journal of Biological Research
260 _aPoland
260 _bTMKarpinski Publisher, Tomasz M. Karpiński
650 _a Biology (General)
650 _aScience
856 _uhttps://doaj.org/toc/273b1b183e4343c3916456f37ebd8f44
942 _2ddc
942 _cDOAJEJ
999 _c68847
_d68847
945 _a1
_bMadushi Gamage
_c1
_dMadushi Gamage